000 00557nam a2200181Ia 4500
008 090630s9999 xx 000 0 und d
082 _b8521
100 _aकांबळी दिवाकर.
245 _aपरळ 68.
_cकांबळी दिवाकर.
260 _bडिंपल - वसई.
_c1987
300 _a164
600 _aकांबळी दिवाकर.
630 _aपरळ 68.
655 _aकादंबरी.
700 _aकांबळी दिवाकर.
730 _aपरळ 68.
942 _cBOOK
999 _c260377
_d260377